| 000 | 00585cam a22002291 4500 | ||
|---|---|---|---|
| 001 | sa 67004654 | ||
| 003 | DLC | ||
| 005 | 20260227112349.0 | ||
| 008 | 940907s1963 ii 000 0 orio | ||
| 010 | _asa 67004654 | ||
| 025 | _aPL480:I-O-671 | ||
| 035 | _a(OCoLC)31063607 | ||
| 040 |
_aDLC _cCU _dCU _dDLC |
||
| 042 | _apremarc | ||
| 050 | 0 | 0 |
_aPK2579.S4 _bZ63 |
| 100 | 1 |
_aDāśa, Cintāmaṇi, _d1903- |
|
| 245 | 1 | 0 | _aSāhityasādhaka Phakīramohana. |
| 260 | _c[1963] | ||
| 300 |
_a3, 320 p. _c19 cm. |
||
| 500 | _aIn Oriya. | ||
| 600 | 1 | 0 |
_aSenapati, Fakir Mohan, _d1843-1918. |
| 999 |
_c74660 _d74660 |
||